Návrh výroby kyseliny R-mandľovej

Gespeichert in:
Bibliographische Detailangaben
1. Verfasser: Šinský, Pavol (Verfasst von)
Weitere Verfasser: Antošová, Monika (Betreuung Doktorarbeit)
Format: Manuskript Buch
Sprache:Slowakisch
Veröffentlicht: 2019
Schlagworte:
Online-Zugang:http://is.stuba.sk/zp/portal_zp.pl?podrobnosti=148832
Tags: Tag hinzufügen
Keine Tags, Fügen Sie das erste Tag hinzu!

MARC

LEADER 00000ntm a22000003a 4500
001 stuzp74820
003 SK-STU
005 20190622212237.1
007 ta
008 150427s2015----xo-----f-mn---000-0-slo-d
040 |a STU  |b slo 
041 0 |a slo 
100 1 |a Šinský, Pavol  |u 046230  |4 aut  |U FCHPT Ústav chemického a environmentálneho inžinierstva  |T FCHPT Oddelenie chemického a biochemického inžinierstva  |X 76883  |U C6230  |Y 119  |7 76883 
242 0 1 |a Design of R-mandelic Acid Production  |y eng 
245 1 0 |a Návrh výroby kyseliny R-mandľovej 
260 |c 2019 
650 4 |a kultivácia E. coli  |2 slo 
650 4 |a kyselina R-mandľová  |2 slo 
650 4 |a mandelonitril  |2 slo 
650 4 |a enzýmová hydrolýza  |2 slo 
650 4 |a enantiomérne rozlíšenie  |2 slo 
650 4 |a E. coli cultivation  |2 eng 
650 4 |a R-mandelic acid  |2 eng 
650 4 |a mandelonitrile  |2 eng 
650 4 |a enzymatic hydrolysis  |2 eng 
650 4 |a enantiomer resolution  |2 eng 
700 1 |a Antošová, Monika  |u 046230  |k Z1  |4 ths  |U FCHPT Ústav chemického a environmentálneho inžinierstva  |T FCHPT Oddelenie chemického a biochemického inžinierstva  |X 3930  |U C6230  |Y 119  |7 A000003930 
856 4 |u http://is.stuba.sk/zp/portal_zp.pl?podrobnosti=148832